Library Banner

Interpretation of statutes (Record no. 62408)

MARC details
000 -LEADER
fixed length control field 00428nam a2200169Ia 4500
001 - CONTROL NUMBER
control field 61965
008 - FIXED-LENGTH DATA ELEMENTS--GENERAL INFORMATION
fixed length control field 141120s9999 xx 000 0 und d
020 ## - INTERNATIONAL STANDARD BOOK NUMBER
International Standard Book Number NA
040 ## - CATALOGING SOURCE
Transcribing agency PK-LaUMT
082 ## - DEWEY DECIMAL CLASSIFICATION NUMBER
Classification number 348.5491022
Item number NAV-I
100 ## - MAIN ENTRY--PERSONAL NAME
Personal name Naveed Abbas, Syed
245 ## - TITLE STATEMENT
Title Interpretation of statutes
Statement of responsibility, etc Naveed Abbas, Syed
260 ## - PUBLICATION, DISTRIBUTION, ETC. (IMPRINT)
Place of publication, distribution, etc Lahore,Pakistan:
Name of publisher, distributor, etc Punjab Law Book House,
Date of publication, distribution, etc 2012
300 ## - PHYSICAL DESCRIPTION
Extent 150 p.
546 ## - LANGUAGE NOTE
Language note EN
942 ## - ADDED ENTRY ELEMENTS (KOHA)
Koha item type Books
Holdings
Withdrawn status Lost status Damaged status Not for loan Home library Current library Date acquired Total Checkouts Full call number Barcode Date last seen Date checked out Price effective from Koha item type
        UMT Main Campus UMT Main Campus 2014-11-18 1 348.5491022 NAV-I 83352 2018-02-09 2018-02-09 2014-11-20 Books